00506nam a22001577a 450000500170000001000130001702000260003003500130005603700240006908200080009324500700010126000330017127000660020430000320027049000460030220191107151507.0 aB-730884 a9788181533388c60.00  aB-730884 adplbRainbow Books  a611 aRainbow Illustrated book of questions and answers : Human body /  aDelhi bRainbow Books c2018 aF-32, Street No.12, Parwana Road, Jagat Puri,bDelhi e110051 a16p.c29cm (pbk)bcol. ill. aIllustrated book of questions and answers